The politics of locality : making a nation of communities in Taiwan

Αποθηκεύτηκε σε:
Λεπτομέρειες βιβλιογραφικής εγγραφής
Κύριος συγγραφέας: Lu, Hsin-yi, 1966-
Μορφή: Βιβλίο
Γλώσσα:English
Δημοσίευση: New York ; London : Routledge, 2002
Σειρά:East Asia
Θέματα:
Ετικέτες: Προσθήκη ετικέτας
Δεν υπάρχουν, Καταχωρήστε ετικέτα πρώτοι!

MARC

LEADER 00000cam a2200000 i 4500
001 1/55699
008 040524s2002 eng d
020 |a 0-415-93433-8 
035 |l 10073474 
040 |a GR-MY-UA  |b gre  |e aacr 
041 0 |a eng 
082 0 |a 951.24905 
100 1 |a Lu, Hsin-yi,   |d 1966- 
245 1 4 |a The politics of locality :  |b making a nation of communities in Taiwan /  |c Hsin-Yi Lu 
260 |a New York ; London :   |b Routledge,   |c 2002 
300 |a xiii, 190 σ.;  |b εικ.;  |c 24 εκ. 
490 1 |a East Asia 
504 |a Περιλαμβάνει βιβλιογραφία και ευρετήριο 
651 0 |a Taiwan  |x Politics and government. 
830 0 |a East Asia 
852 |a INST  |b CHIOS  |e 20040524  |h 951.24905 LU  |p 005200023175  |q 005200023175  |t BK  |y 0 
901 |a BIBL2-2003-3 
909 |a Χ  |b 108921 
970 |a ΣΠΕΝΤΖΑ  |b ΕΛΕΝΗ  |z 2003/12/06